[Event "71st Italian Championship"]
[Site "Perugia"]
[Date "2011.12.08"]
[Round "8"]
[White "Caruana, F."]
[Black "Godena, M."]
[Result "1-0"]
[WhiteElo "2727"]
[BlackElo "2548"]
[PlyCount "65"]
[EventDate "2011.??.??"]

1. e4 e5 2. Nf3 Nc6 3. Bb5 a6 4. Ba4 Nf6 5. O-O Bc5 6. c3 b5 7. Bc2 d6 8. d4
Ba7 9. a4 exd4 10. axb5 axb5 11. cxd4 Bg4 12. Be3 O-O 13. Nc3 Bb6 14. Rxa8 Qxa8
15. h3 Bxf3 16. gxf3 Qa5 17. f4 b4 18. Ne2 b3 19. Bb1 Qh5 20. Kg2 Re8 21. Ng3
Qxd1 22. Rxd1 Nb4 23. Rc1 Na2 24. Rd1 Nb4 25. Kf3 Ra8 26. Ne2 c5 27. dxc5 Bxc5
28. Nd4 Bxd4 29. Rxd4 Nc2 30. Rxd6 Ne8 31. Rb6 Ra1 32. Bxc2 bxc2 33. Rb8 1-0

[Event "3rd London Chess Classic"]
[Site "London ENG"]
[Date "2011.12.09"]
[Round "6"]
[White "Adams, Mi"]
[Black "Aronian, L."]
[Result "1/2-1/2"]
[WhiteElo "2734"]
[BlackElo "2802"]
[PlyCount "67"]
[EventDate "2011.12.03"]

1. e4 e5 2. Nf3 Nc6 3. Bb5 Nf6 4. O-O Nxe4 5. Re1 Nd6 6. Nxe5 Be7 7. Bf1 Nxe5
8. Rxe5 O-O 9. d4 Bf6 10. Re1 Re8 11. Rxe8+ Nxe8 12. c3 d5 13. Bf4 Bg5 14. Qf3
Bxf4 15. Qxf4 Qd6 16. Qxd6 Nxd6 17. Nd2 a5 18. a4 Bf5 19. f3 f6 20. Kf2 Kf7 21.
h4 h5 22. Be2 Bg6 23. Nf1 Nf5 24. Ne3 c6 25. g3 Nxe3 26. Kxe3 Bf5 27. Kd2 Ke7
28. Bd3 Bxd3 29. Kxd3 Kd6 30. Ke3 Re8+ 31. Kd3 Ra8 32. Ke3 Re8+ 33. Kd3 Ra8 34.
Ke3 1/2-1/2

[Event "3rd London Chess Classic"]
[Site "London ENG"]
[Date "2011.12.09"]
[Round "6"]
[White "Howell, D."]
[Black "Short, N."]
[Result "1/2-1/2"]
[WhiteElo "2633"]
[BlackElo "2698"]
[PlyCount "72"]
[EventDate "2011.12.03"]

1. e4 c5 2. c3 e6 3. d4 d5 4. exd5 exd5 5. Nf3 Nc6 6. Bb5 Bd6 7. dxc5 Bxc5 8.
O-O Nge7 9. Nbd2 O-O 10. Nb3 Bb6 11. Re1 Bg4 12. Be3 Re8 13. h3 Bh5 14. Bxb6
Qxb6 15. Bxc6 Bxf3 16. Qxf3 bxc6 17. Re2 Ng6 18. Rae1 Rxe2 19. Rxe2 Rd8 20. Nd4
c5 21. Nf5 d4 22. Qe4 h6 23. cxd4 cxd4 24. Rd2 Qa5 25. Rxd4 Rxd4 26. Nxd4 Qxa2
27. b3 Nf8 28. g3 g6 29. Kg2 a5 30. Qc6 Qd2 31. Qa4 Qd3 32. Nf3 Qd5 33. b4 axb4
34. Qxb4 Ne6 35. Qd2 Qxd2 36. Nxd2 Kg7 1/2-1/2

[Event "71st Italian Championship"]
[Site "Perugia"]
[Date "2011.12.09"]
[Round "9"]
[White "Mogranzini, R."]
[Black "Caruana, F."]
[Result "0-1"]
[WhiteElo "2469"]
[BlackElo "2727"]
[PlyCount "86"]
[EventDate "2011.??.??"]

1. Nf3 c5 2. c4 Nc6 3. g3 e5 4. Nc3 g6 5. Bg2 Bg7 6. O-O d6 7. a3 a5 8. d3 Nge7
9. Rb1 O-O 10. Bd2 Be6 11. Ng5 Bg4 12. h3 Bc8 13. Nf3 h6 14. Ne1 Be6 15. Nc2 d5
16. cxd5 Nxd5 17. Ne3 Nxe3 18. Bxe3 Nd4 19. Kh2 Qc7 20. Rc1 Nb3 21. Rc2 Rad8
22. Na4 b6 23. Rc3 Nd4 24. b4 axb4 25. axb4 f5 26. bxc5 b5 27. Nb6 f4 28. Bd2
b4 29. Rc1 b3 30. e3 f3 31. exd4 fxg2 32. Kxg2 Rxd4 33. Be3 Rdd8 34. Rc3 Qc6+
35. Kh2 Qb5 36. Re1 b2 37. Qb1 e4 38. d4 Rxd4 39. Bxd4 Bxd4 40. Rc2 Qa5 41.
Rce2 Qxc5 42. Rxe4 Rxf2+ 43. Kh1 Qf5 0-1

[Event "3rd London Chess Classic"]
[Site "London ENG"]
[Date "2011.12.10"]
[Round "7"]
[White "Carlsen, M."]
[Black "Adams, Mi"]
[Result "1-0"]
[WhiteElo "2826"]
[BlackElo "2734"]
[PlyCount "75"]
[EventDate "2011.12.03"]

1. d4 Nf6 2. c4 e6 3. Nc3 Bb4 4. Nf3 b6 5. Qc2 Bb7 6. a3 Bxc3+ 7. Qxc3 d5 8.
cxd5 Qxd5 9. e3 Nbd7 10. b4 O-O 11. Bb2 a5 12. Bd3 axb4 13. axb4 Rxa1+ 14. Bxa1
Qa2 15. O-O Nd5 16. Qe1 c5 17. dxc5 bxc5 18. b5 Ra8 19. Qc1 h6 20. h3 Qa3 21.
Qd2 Qb4 22. Qc2 Qa4 23. Qb2 f6 24. Rc1 Nb4 25. Be2 Bxf3 26. gxf3 Nd5 27. f4
N7b6 28. Bg4 Kf7 29. Qb1 Qa3 30. Rd1 f5 31. Bf3 Ra4 32. Be5 Qb4 33. Qd3 Ra3 34.
Qf1 g6 35. h4 Nc4 36. Rxd5 Nxe5 37. Rxe5 Qc3 38. Kg2 1-0

[Event "3rd London Chess Classic"]
[Site "London ENG"]
[Date "2011.12.10"]
[Round "7"]
[White "Short, N."]
[Black "McShane, L."]
[Result "0-1"]
[WhiteElo "2698"]
[BlackElo "2671"]
[PlyCount "72"]
[EventDate "2011.12.03"]

1. e4 e5 2. f4 exf4 3. Nf3 h6 4. d4 g5 5. Nc3 d6 6. g3 fxg3 7. hxg3 Bg7 8. Be3
Nf6 9. Qd3 Ng4 10. O-O-O c6 11. Re1 Nd7 12. e5 dxe5 13. Bh3 Nxe3 14. Rxe3 O-O
15. Ne4 Nf6 16. Bxc8 exd4 17. Bxb7 dxe3 18. Bxa8 Nxe4 19. Qxe4 Qb6 20. Ne5 Rxa8
21. Qxc6 Qxc6 22. Nxc6 Re8 23. c3 Re6 24. Nxa7 Be5 25. Nb5 e2 26. Kd2 Bxg3 27.
Re1 Bxe1+ 28. Kxe1 h5 29. Nd4 Ra6 30. a3 h4 31. Kxe2 g4 32. c4 h3 33. Kf2 h2
34. Kg2 Rh6 35. Kh1 g3 36. Nf5 g2+ 0-1

[Event "71st Italian Championship"]
[Site "Perugia"]
[Date "2011.12.10"]
[Round "10"]
[White "Caruana, F."]
[Black "Dvirnyy, D."]
[Result "1-0"]
[WhiteElo "2727"]
[BlackElo "2475"]
[PlyCount "119"]
[EventDate "2011.??.??"]

1. d4 e6 2. c4 Nf6 3. g3 c5 4. d5 exd5 5. cxd5 d6 6. Nc3 g6 7. Bg2 Bg7 8. Nf3
O-O 9. O-O a6 10. a4 Re8 11. Bf4 Qc7 12. Rc1 Nh5 13. Bd2 Qb6 14. Qc2 Nd7 15. g4
Nhf6 16. h3 c4 17. Bf4 Qb4 18. Rfd1 Nb6 19. Ra1 h5 20. g5 Bf5 21. Qd2 Nfxd5 22.
Nxd5 Nxd5 23. Qxd5 c3 24. Bxd6 Qxb2 25. Ra2 Be6 26. Rxb2 Bxd5 27. Rb4 c2 28.
Rc1 Rxe2 29. Bf4 a5 30. Rd4 Bb3 31. Be3 Re8 32. Bf1 Bxd4 33. Nxd4 R2xe3 34.
fxe3 Bxa4 35. Kf2 Re5 36. h4 b5 37. Ke2 Re4 38. Nxc2 Bxc2 39. Rxc2 b4 40. Kf3
Rxh4 41. Ra2 b3 42. Rxa5 Rb4 43. Bd3 b2 44. Bb1 Rg4 45. Rb5 Rg1 46. Ba2 Kg7 47.
Rb7 b1=Q 48. Bxb1 Rxg5 49. e4 Rg1 50. Kf2 Rg4 51. Kf3 Rg1 52. Ba2 Rf1+ 53. Ke3
Kf8 54. Bc4 Rf6 55. Bd5 Rf1 56. Bc4 Rf6 57. Ra7 Ke8 58. Ra8+ Ke7 59. e5 Rf5 60.
Ke4 1-0

[Event "71st Italian Championship"]
[Site "Perugia"]
[Date "2011.12.11"]
[Round "11"]
[White "Caprio, G."]
[Black "Caruana, F."]
[Result "0-1"]
[WhiteElo "2354"]
[BlackElo "2727"]
[PlyCount "56"]
[EventDate "2011.??.??"]

1. e4 c5 2. Nf3 e6 3. d4 cxd4 4. Nxd4 a6 5. Nc3 b5 6. Bd3 Qb6 7. Nf3 Qc7 8. O-O
Bb7 9. Re1 Be7 10. e5 f5 11. Bf4 Nh6 12. Nd4 Nf7 13. Nxf5 exf5 14. Bxf5 O-O 15.
Nd5 Bxd5 16. Qxd5 Qc4 17. Qxa8 Nc6 18. Qxa6 Qxf4 19. Bxd7 Nd4 20. c3 Nc2 21.
Qxb5 Nxa1 22. Rxa1 Nxe5 23. Rf1 Bd6 24. g3 Nf3+ 25. Kg2 Qh6 26. h3 Nh4+ 27. Kh1
Kh8 28. Qd5 Bxg3 0-1

[Event "3rd London Chess Classic"]
[Site "London ENG"]
[Date "2011.12.11"]
[Round "8"]
[White "Anand, V."]
[Black "Carlsen, M."]
[Result "1/2-1/2"]
[WhiteElo "2811"]
[BlackElo "2826"]
[PlyCount "66"]
[EventDate "2011.12.03"]

1. d4 Nf6 2. c4 e6 3. Nf3 d5 4. Nc3 Be7 5. Bg5 h6 6. Bh4 O-O 7. e3 b6 8. Be2
Bb7 9. Bxf6 Bxf6 10. cxd5 exd5 11. b4 c5 12. bxc5 bxc5 13. Rb1 Bc6 14. O-O Nd7
15. Bb5 Qc7 16. Qc2 Rab8 17. Rfc1 Bxb5 18. Nxb5 Qc6 19. Nc3 cxd4 20. Nxd4 Bxd4
21. exd4 Rxb1 22. Nxb1 Qxc2 23. Rxc2 Rb8 24. Nd2 Nf8 25. g3 Ne6 26. Nb3 Rb4 27.
Rc6 Ra4 28. Nc5 Rc4 29. Rd6 Nxc5 30. dxc5 Rxc5 31. Ra6 Rc7 32. Rd6 Rc5 33. Ra6
Rc7 1/2-1/2

[Event "3rd London Chess Classic"]
[Site "London ENG"]
[Date "2011.12.11"]
[Round "8"]
[White "Howell, D."]
[Black "Aronian, L."]
[Result "1/2-1/2"]
[WhiteElo "2633"]
[BlackElo "2802"]
[PlyCount "108"]
[EventDate "2011.12.03"]

1. e4 d6 2. d4 Nf6 3. Nc3 g6 4. f4 Bg7 5. Nf3 O-O 6. Bd3 Na6 7. O-O c5 8. d5
Bg4 9. Kh1 Rb8 10. Bd2 Qc8 11. e5 dxe5 12. fxe5 Nd7 13. Bg5 Bxf3 14. gxf3 c4
15. Be2 f6 16. exf6 Nxf6 17. Bf4 Ra8 18. Be5 Rd8 19. Qd4 Nb4 20. Qxc4 Nfxd5 21.
Rad1 Qc6 22. Nxd5 Nxd5 23. Qe4 Nb6 24. Qxc6 bxc6 25. f4 Rxd1 26. Rxd1 Bxe5 27.
fxe5 Rf8 28. Rd4 c5 29. Re4 Kg7 30. Kg1 g5 31. h4 h6 32. hxg5 hxg5 33. Kg2 Rd8
34. Bd3 c4 35. Bxc4 Rd2+ 36. Kf3 Rxc2 37. Bb3 Rxb2 38. Rd4 Kg6 39. Rd8 Kf5 40.
Re8 Nd7 41. Rxe7 Nxe5+ 42. Kg3 Rd2 43. Rxa7 Rd3+ 44. Kg2 Rc3 45. Ra5 g4 46. Bd1
Kf4 47. Ra4+ Kf5 48. Ra5 Rc4 49. Kg3 Rc3+ 50. Kg2 Re3 51. Kf2 Rh3 52. Bxg4+
Kxg4 53. Rxe5 Rh2+ 54. Ke3 Rxa2 1/2-1/2

[Event "3rd London Chess Classic"]
[Site "London ENG"]
[Date "2011.12.12"]
[Round "9"]
[White "Short, N."]
[Black "Carlsen, M."]
[Result "1/2-1/2"]
[WhiteElo "2698"]
[BlackElo "2826"]
[PlyCount "153"]
[EventDate "2011.12.03"]

1. e4 e5 2. Nf3 Nc6 3. Bc4 Bc5 4. Nc3 Nf6 5. d3 d6 6. Be3 Bb6 7. Bb3 Be6 8. O-O
O-O 9. h3 Re8 10. Bxb6 axb6 11. Ne2 h6 12. Ng3 d5 13. c3 b5 14. Re1 d4 15. Qc2
dxc3 16. bxc3 Qd7 17. Rad1 Na5 18. d4 exd4 19. cxd4 Nxb3 20. axb3 c6 21. d5
cxd5 22. e5 Nh7 23. Nd4 f6 24. Qd3 fxe5 25. Nxe6 Qxe6 26. Qxd5 Nf6 27. Qxb5 Ra6
28. Qxb7 Rb6 29. Qc7 Rxb3 30. Rd6 Qf7 31. Qc5 e4 32. Rc6 Rd3 33. Rc8 Rxc8 34.
Qxc8+ Kh7 35. Qf5+ Qg6 36. Qxg6+ Kxg6 37. Nxe4 Nxe4 38. Rxe4 Rd2 39. Re5 Kf6
40. Rh5 Kg6 41. g4 Ra2 42. Kg2 Kh7 43. Rf5 Ra3 44. f3 Kg8 45. Kg3 Ra1 46. Rc5
Ra4 47. h4 Kf7 48. Rc7+ Kg8 49. g5 hxg5 50. hxg5 g6 51. Re7 Kf8 52. Re4 Ra5 53.
Kg4 Kf7 54. Rb4 Kg7 55. Rb7+ Kg8 56. Rb3 Kf7 57. f4 Ra4 58. Kf3 Kg7 59. Rb7+
Kf8 60. Rd7 Rb4 61. Ke3 Ra4 62. Rd4 Ra7 63. Rd6 Kg7 64. Ke4 Re7+ 65. Kd5 Rf7
66. Ke5 Rf5+ 67. Ke4 Rf7 68. Rc6 Re7+ 69. Kd5 Rf7 70. Rc4 Rf5+ 71. Ke4 Rf7 72.
Ke5 Rf5+ 73. Ke6 Kg8 74. Rc8+ Kg7 75. Rc7+ Kg8 76. Rc8+ Kg7 77. Rc7+ 1/2-1/2

[Event "3rd London Chess Classic"]
[Site "London ENG"]
[Date "2011.12.12"]
[Round "9"]
[White "Nakamura, Hi"]
[Black "Adams, Mi"]
[Result "1-0"]
[WhiteElo "2758"]
[BlackElo "2734"]
[PlyCount "81"]
[EventDate "2011.12.03"]

1. e4 e5 2. f4 exf4 3. Nf3 d5 4. exd5 Nf6 5. Bc4 Nxd5 6. O-O Be6 7. Bb3 c5 8.
Kh1 Nc6 9. d4 c4 10. Ba4 Bd6 11. b3 c3 12. Qd3 O-O 13. Bxc6 bxc6 14. Nxc3 Re8
15. Nxd5 Bxd5 16. c4 Be4 17. Qc3 a5 18. a3 f6 19. Bb2 Ra7 20. Rad1 Rae7 21. b4
axb4 22. axb4 Kh8 23. Qb3 Rb7 24. Bc3 Qb8 25. b5 cxb5 26. c5 b4 27. Bd2 Bf8 28.
Rde1 g5 29. Qc4 g4 30. Nh4 f3 31. d5 fxg2+ 32. Nxg2 Bf3 33. Kg1 Rc8 34. c6 Rb5
35. Nf4 Bc5+ 36. Be3 Bxe3+ 37. Rxe3 Qb6 38. Rfe1 b3 39. Qc3 Rf8 40. Ne6 b2 41.
c7 1-0

[Event "3rd London Chess Classic"]
[Site "London ENG"]
[Date "2011.12.12"]
[Round "9"]
[White "McShane, L."]
[Black "Anand, V."]
[Result "1/2-1/2"]
[WhiteElo "2671"]
[BlackElo "2811"]
[PlyCount "50"]
[EventDate "2011.12.03"]

1. e4 c6 2. Nc3 d5 3. Nf3 Bg4 4. h3 Bxf3 5. Qxf3 e6 6. g3 Nf6 7. Bg2 Nbd7 8.
Qe2 dxe4 9. Nxe4 Nxe4 10. Qxe4 g6 11. O-O Bg7 12. d4 O-O 13. Rd1 a5 14. a4 Nf6
15. Qe2 Nd5 16. h4 Re8 17. c3 Qb6 18. Bf3 h6 19. Kg2 Rad8 20. Qc4 Rd7 21. Rb1
Red8 22. Bd2 Qc7 23. Be1 Qb6 24. Bd2 Qc7 25. Be1 Qb6 1/2-1/2

[Event "XXXII Crespi Memorial"]
[Site "Milano ITA"]
[Date "2011.12.06"]
[Round "4"]
[White "Salvador, R."]
[Black "Jobava, Ba"]
[Result "0-1"]
[WhiteElo "2500"]
[BlackElo "2678"]
[PlyCount "80"]
[EventDate "2011.12.03"]

1. c4 c5 2. Nc3 Nc6 3. Nf3 e5 4. e3 Nf6 5. d4 e4 6. Ne5 Bd6 7. Ng4 cxd4 8.
Nxf6+ Qxf6 9. Nxe4 Bb4+ 10. Bd2 Qg6 11. Bxb4 Nxb4 12. a3 Qxe4 13. axb4 dxe3 14.
Qe2 O-O 15. Qxe3 Qc2 16. Bd3 Qxb2 17. O-O Qxb4 18. Rfb1 Qd6 19. Ra5 g6 20. Rd5
Qe6 21. Qg3 Re8 22. h4 b6 23. h5 Bb7 24. Rd6 Qe5 25. Qxe5 Rxe5 26. hxg6 hxg6
27. Rxd7 Bc6 28. Rc7 Rc5 29. Ra1 a5 30. Rb1 Rb8 31. Be2 a4 32. Bf3 Be4 33. Rxb6
Rxb6 34. Rxc5 Bxf3 35. gxf3 Ra6 36. Rd5 a3 37. Rd1 a2 38. Ra1 Kf8 39. Kf1 Ke7
40. Ke2 Kd6 0-1

[Event "XXXII Crespi Memorial"]
[Site "Milano ITA"]
[Date "2011.12.07"]
[Round "5"]
[White "Jobava, Ba"]
[Black "Shishkin, Va UKR"]
[Result "1-0"]
[WhiteElo "2678"]
[BlackElo "2449"]
[PlyCount "65"]
[EventDate "2011.12.03"]

1. d4 Nf6 2. c4 g6 3. Nc3 d5 4. Bg5 Ne4 5. h4 Bg7 6. cxd5 Nxc3 7. bxc3 Qxd5 8.
e3 h6 9. Bf4 O-O 10. Nf3 Qa5 11. Qd2 Nd7 12. Rb1 c6 13. e4 Nc5 14. Bd3 Nxd3+
15. Qxd3 Qxa2 16. O-O Qe6 17. c4 b6 18. d5 Qd7 19. Ne5 Bxe5 20. Bxe5 cxd5 21.
exd5 Qg4 22. Qd2 Bd7 23. Rfe1 f6 24. Bc3 Rf7 25. c5 bxc5 26. Rb7 g5 27. Re3
gxh4 28. f3 Qf5 29. Re4 e5 30. dxe6 Bxe6 31. Rf4 Qd5 32. Rg4+ Kh7 33. Qc2+ 1-0

[Event "XXXII Crespi Memorial"]
[Site "Milano ITA"]
[Date "2011.12.08"]
[Round "6"]
[White "Sedlak, N."]
[Black "Jobava, Ba"]
[Result "0-1"]
[WhiteElo "2592"]
[BlackElo "2678"]
[PlyCount "124"]
[EventDate "2011.12.03"]

1. d4 Nf6 2. c4 e6 3. Nc3 Bb4 4. e3 c5 5. Bd3 cxd4 6. exd4 d5 7. Nf3 dxc4 8.
Bxc4 O-O 9. O-O Nc6 10. Bg5 h6 11. Bh4 Be7 12. Re1 b6 13. a3 Bb7 14. Ba2 Nh5
15. Bg3 Nxg3 16. hxg3 Bf6 17. d5 exd5 18. Bxd5 Bxc3 19. bxc3 Qc7 20. Nh4 Rad8
21. Nf5 Bc8 22. Ne3 Ne5 23. c4 Qc5 24. Qa4 Rd7 25. Rad1 Rc7 26. Qb4 Re8 27. Nc2
Kf8 28. Nd4 Bg4 29. f3 Bd7 30. Qxc5+ Rxc5 31. Nb3 Rc7 32. Nd2 Bc6 33. Kf1 Bxd5
34. cxd5 Rd7 35. f4 Ng4 36. Nc4 Rxe1+ 37. Kxe1 b5 38. Na5 Ne3 39. Rd3 Nxd5 40.
Nc6 a6 41. Nb8 Re7+ 42. Kf2 Nc7 43. Nc6 Re6 44. Rd8+ Re8 45. Rd7 Ne6 46. Ra7
Nc5 47. Ne5 f6 48. Ng6+ Kg8 49. Ne7+ Kh8 50. Nf5 Rd8 51. Nxg7 Rd3 52. Nf5 h5
53. Ra8+ Kh7 54. Ra7+ Kg8 55. Ne7+ Kf7 56. f5 Ne4+ 57. Kg1 Rxa3 58. Nd5+ Kf8
59. Rb7 Ra1+ 60. Kh2 Nf2 61. g4 h4 62. g3 h3 0-1

[Event "XXXII Crespi Memorial"]
[Site "Milano ITA"]
[Date "2011.12.08"]
[Round "7"]
[White "Jobava, Ba"]
[Black "Drazic, S."]
[Result "1-0"]
[WhiteElo "2678"]
[BlackElo "2537"]
[PlyCount "75"]
[EventDate "2011.12.03"]

1. d4 d5 2. c4 e6 3. Nc3 c6 4. e4 Bb4 5. Qb3 Ba5 6. Bd2 dxe4 7. O-O-O Nf6 8.
Bg5 h6 9. Bh4 Bxc3 10. Qxc3 Nbd7 11. f3 O-O 12. fxe4 Nxe4 13. Qe1 Nef6 14. Nf3
b5 15. c5 b4 16. Ne5 Qc7 17. Bd3 Nxe5 18. dxe5 Nd5 19. Qe4 f5 20. exf6 Qf4+ 21.
Qxf4 Nxf4 22. fxg7 Nxd3+ 23. Rxd3 Kxg7 24. Bg3 Rf5 25. Bd6 a5 26. g4 Rg5 27.
Rg3 Ba6 28. Re1 Bc4 29. b3 Bb5 30. Rxe6 Ra7 31. Be5+ Kh7 32. h4 Rg6 33. Bf6
Rag7 34. g5 hxg5 35. hxg5 Rh6 36. Re1 Rgg6 37. Re7+ Kg8 38. gxh6 1-0

[Event "XXXII Crespi Memorial"]
[Site "Milano ITA"]
[Date "2011.12.09"]
[Round "8"]
[White "Malaniuk, V."]
[Black "Jobava, Ba"]
[Result "1/2-1/2"]
[WhiteElo "2504"]
[BlackElo "2678"]
[PlyCount "68"]
[EventDate "2011.12.03"]

1. d4 Nf6 2. c4 e6 3. Nf3 Bb4+ 4. Bd2 Bxd2+ 5. Qxd2 d5 6. Nc3 O-O 7. e3 Qe7 8.
a3 dxc4 9. Bxc4 c5 10. O-O Rd8 11. Rad1 Nc6 12. Qc2 cxd4 13. exd4 Qc7 14. d5
exd5 15. Nxd5 Nxd5 16. Bxd5 h6 17. Qc4 Qe7 18. Bxc6 bxc6 19. Rxd8+ Qxd8 20.
Qxc6 Rb8 21. b4 Bb7 22. Qc3 Rc8 23. Qe3 a6 24. h3 Qd5 25. Re1 Kh7 26. Qd4 Qf5
27. Nh4 Qg5 28. Qd7 Rc1 29. Qd3+ f5 30. Rxc1 Qxc1+ 31. Kh2 Be4 32. Qd6 Qxa3 33.
f3 Bb1 34. Qg6+ Kh8 1/2-1/2

[Event "XXXII Crespi Memorial"]
[Site "Milano ITA"]
[Date "2011.12.10"]
[Round "9"]
[White "Jobava, Ba"]
[Black "David, Alb"]
[Result "1-0"]
[WhiteElo "2678"]
[BlackElo "2597"]
[PlyCount "80"]
[EventDate "2011.12.03"]

1. d4 Nf6 2. c4 e6 3. Nf3 d5 4. Nc3 Bb4 5. cxd5 exd5 6. Qa4+ Nc6 7. Bg5 h6 8.
Bxf6 Qxf6 9. e3 O-O 10. Be2 Be6 11. O-O a6 12. Rfc1 Bd6 13. Qd1 Ne7 14. a3 Rfe8
15. b4 c6 16. Na4 Ng6 17. Nc5 Re7 18. a4 Bg4 19. Ra2 Rae8 20. Ne1 Bxe2 21. Rxe2
Nf4 22. Rb2 a5 23. bxa5 Bxc5 24. Rxc5 Ne6 25. Nd3 Nxc5 26. Nxc5 Qg5 27. g3 h5
28. Nxb7 h4 29. Nc5 hxg3 30. hxg3 Rxe3 31. fxe3 Rxe3 32. Rb8+ Kh7 33. Qc2+ f5
34. Qh2+ Kg6 35. Rb2 Qg4 36. Qf2 Rf3 37. Qg2 Qxd4+ 38. Kh2 Re3 39. Rc2 Qa1 40.
Re2 d4 1-0

[Event "European Rapid 2011"]
[Site "Warsaw POL"]
[Date "2011.12.17"]
[Round "1"]
[White "Nepomniachtchi, Ian"]
[Black "Grzegorzek, Miroslaw"]
[Result "1-0"]
[WhiteElo "2730"]
[BlackElo "1838"]
[PlyCount "50"]
[EventDate "2011.12.17"]

1. e4 c5 2. Nf3 d6 3. d4 cxd4 4. Nxd4 Nf6 5. Nc3 a6 6. Bg5 e6 7. Qf3 Be7 8.
O-O-O Qc7 9. Be2 b5 10. Bxb5+ axb5 11. Ndxb5 Qb6 12. e5 Bb7 13. Nxd6+ Bxd6 14.
Rxd6 Bxf3 15. Rxb6 Nfd7 16. Rxb8+ Rxb8 17. gxf3 Nxe5 18. Bf4 f6 19. Ne4 O-O 20.
b3 Ra8 21. Bxe5 fxe5 22. a4 Rxf3 23. Kb2 Rf4 24. Re1 Rd8 25. a5 Ra8 1-0

[Event "European Rapid 2011"]
[Site "Warsaw POL"]
[Date "2011.12.17"]
[Round "1"]
[White "Harazinska, Ewa"]
[Black "Bacrot, Etienne"]
[Result "0-1"]
[WhiteElo "1837"]
[BlackElo "2714"]
[PlyCount "142"]
[EventDate "2011.12.17"]

1. d4 Nf6 2. c4 g6 3. Nc3 Bg7 4. e4 d6 5. Nf3 O-O 6. Be2 Nbd7 7. O-O e5 8. Be3
Re8 9. Qc2 exd4 10. Nxd4 c6 11. Rad1 Qc7 12. b4 a5 13. a3 Ne5 14. h3 Qe7 15. f4
Ned7 16. Bf3 axb4 17. axb4 h5 18. Rfe1 Nf8 19. Qd3 N6d7 20. Nde2 Ra3 21. Ra1
Rb3 22. Reb1 Rxb1+ 23. Rxb1 f5 24. Rd1 Nf6 25. e5 dxe5 26. fxe5 N6d7 27. Bf4
Ne6 28. Bg3 h4 29. Bh2 Nxe5 30. Bxe5 Bxe5 31. c5 Kg7 32. Na4 Rd8 33. Qc2 Rxd1+
34. Qxd1 Ng5 35. Qd3 Be6 36. Nb6 Nxf3+ 37. Qxf3 Qg5 38. Qd3 f4 39. Kf2 Bf5 40.
Qf3 Be6 41. Qd3 Qe7 42. Nc4 Bd5 43. Nb6 Bf7 44. Nc4 Bxc4 45. Qxc4 Qf6 46. Qd3
g5 47. Qd7+ Qf7 48. Qd3 Bf6 49. Qf5 Qe7 50. Qd3 Qe6 51. Qf3 Qc4 52. Qg4 Qxb4
53. Qd7+ Kh6 54. Qd6 Qb2 55. Qf8+ Bg7 56. Qd6+ Qf6 57. Qd7 Qe5 58. Qd6+ Qxd6
59. cxd6 Kg6 60. Kf3 Kf7 61. Ke4 Ke6 62. d7 Bf6 63. Nc1 Kxd7 64. Kf5 Bd8 65.
Ke5 b5 66. Nd3 Be7 67. Kd4 c5+ 68. Ke5 c4 69. Ne1 Kc6 70. Nc2 Kc5 71. Ke6 Bd8
0-1

[Event "European Rapid 2011"]
[Site "Warsaw POL"]
[Date "2011.12.17"]
[Round "1"]
[White "Naiditsch, Arkadij"]
[Black "Cyra, Tomasz"]
[Result "1-0"]
[WhiteElo "2712"]
[BlackElo "1835"]
[PlyCount "49"]
[EventDate "2011.12.17"]

1. e4 c5 2. Nf3 d6 3. Nc3 Nf6 4. d4 cxd4 5. Qxd4 a6 6. e5 Nc6 7. Qa4 dxe5 8.
Nxe5 Bd7 9. Nxd7 Nxd7 10. Be3 e6 11. O-O-O Qa5 12. Qxa5 Nxa5 13. Na4 Rc8 14.
Be2 Nc4 15. Bxc4 Rxc4 16. Rxd7 Rxa4 17. Rxb7 Rb4 18. Ra7 Rb8 19. Rd1 f6 20.
Rxa6 Kf7 21. Rd7+ Kg6 22. Rxe6 Bb4 23. a3 Ba5 24. b4 Bd8 25. c4 1-0

[Event "European Rapid 2011"]
[Site "Warsaw POL"]
[Date "2011.12.17"]
[Round "1"]
[White "Movsesian, Sergei"]
[Black "Sikora, Rafal"]
[Result "0-1"]
[WhiteElo "2710"]
[BlackElo "1833"]
[PlyCount "76"]
[EventDate "2011.12.17"]

1. e4 e5 2. Nf3 Nc6 3. Bb5 a6 4. Ba4 Nf6 5. O-O b5 6. Bb3 Bb7 7. c3 h6 8. d4 d6
9. Re1 g6 10. a4 Bg7 11. d5 Ne7 12. axb5 axb5 13. Rxa8 Bxa8 14. Na3 c6 15. dxc6
Bxc6 16. Qd3 Qd7 17. c4 bxc4 18. Nxc4 Nc8 19. Na5 Ba8 20. Bd2 O-O 21. Bb4 Re8
22. Nd2 Bf8 23. Bc3 Bg7 24. Bc4 Qc7 25. b4 Nb6 26. Bb5 Rd8 27. Rc1 d5 28. Bb2
Qe7 29. Qe3 d4 30. Qb3 Nxe4 31. Nxe4 Bxe4 32. Nc6 Bxc6 33. Rxc6 Nd5 34. Bc4
Qxb4 35. Qc2 Qe1+ 36. Bf1 Nf4 37. Bc1 d3 38. Qd2 Ne2+ 0-1

[Event "European Rapid 2011"]
[Site "Warsaw POL"]
[Date "2011.12.17"]
[Round "1"]
[White "Cyra, Dariusz"]
[Black "Riazantsev, Alexander"]
[Result "0-1"]
[WhiteElo "1832"]
[BlackElo "2710"]
[PlyCount "72"]
[EventDate "2011.12.17"]

1. d4 Nf6 2. c4 e6 3. Nc3 Bb4 4. a3 Bxc3+ 5. bxc3 c5 6. e3 Nc6 7. Bd3 b6 8. Ne2
O-O 9. O-O Ba6 10. e4 Ne8 11. e5 d6 12. f4 Na5 13. Ng3 cxd4 14. Bb2 Bxc4 15.
cxd4 Rc8 16. Rc1 f5 17. exf6 Nxf6 18. Qe2 Bxd3 19. Qxd3 d5 20. Qe2 Qd7 21. Rce1
Nc4 22. Bc1 Rce8 23. Qd3 Nd6 24. Bd2 a5 25. Re5 Nc4 26. Rg5 h6 27. Rg6 Qf7 28.
Bc1 Nd6 29. h4 Nde4 30. h5 Nxg3 31. Qxg3 Nxh5 32. Qg4 Nf6 33. Qg3 Kh7 34. Rg5
hxg5 35. fxg5 Nh5 36. Qd3+ Qg6 0-1

[Event "European Rapid 2011"]
[Site "Warsaw POL"]
[Date "2011.12.17"]
[Round "1"]
[White "Dreev, Aleksey"]
[Black "Galaszewski, Patryk"]
[Result "1-0"]
[WhiteElo "2710"]
[BlackElo "1832"]
[PlyCount "79"]
[EventDate "2011.12.17"]

1. d4 g6 2. c4 Bg7 3. e4 d6 4. Nc3 Nf6 5. f3 Nbd7 6. Nge2 c5 7. Be3 O-O 8. Qd2
a6 9. Rd1 cxd4 10. Nxd4 Qc7 11. Be2 Ne5 12. b3 Nc6 13. O-O Bd7 14. Rc1 Rac8 15.
Rfd1 Rfd8 16. Nd5 Nxd5 17. cxd5 Bxd4 18. Bxd4 Nxd4 19. Rxc7 Nxe2+ 20. Qxe2 Rxc7
21. e5 Bb5 22. Qe3 dxe5 23. Qxe5 Rd6 24. h4 f6 25. Qe3 Be8 26. Qa7 Rd8 27. Qb6
Rcd7 28. Re1 Bf7 29. Rxe7 Bxd5 30. Qxf6 Rxe7 31. Qxe7 Rf8 32. h5 Bf7 33. h6 Re8
34. Qf6 Kf8 35. Qg7+ Ke7 36. Kf2 Rg8 37. Qd4 Be6 38. Qb4+ Kf6 39. Qxb7 Kg5 40.
Qe7+ 1-0

[Event "European Rapid 2011"]
[Site "Warsaw POL"]
[Date "2011.12.17"]
[Round "1"]
[White "Golabiewski, Adam"]
[Black "Wojtaszek, Radoslaw"]
[Result "0-1"]
[WhiteElo "1830"]
[BlackElo "2705"]
[PlyCount "46"]
[EventDate "2011.12.17"]

1. Nf3 Nf6 2. d4 c5 3. g3 cxd4 4. Nxd4 e5 5. Nb3 d5 6. Bg2 Nc6 7. O-O Be7 8. c4
d4 9. e4 O-O 10. Kh1 Be6 11. N1d2 a5 12. a4 Nd7 13. f4 f6 14. Qc2 Rc8 15. fxe5
Ndxe5 16. c5 d3 17. Qd1 Nb4 18. Nf3 Nc2 19. Ra3 Nxa3 20. bxa3 Bxc5 21. Bf4 Qb6
22. Nbd2 Ng4 23. Qb1 Nf2+ 0-1

[Event "European Rapid 2011"]
[Site "Warsaw POL"]
[Date "2011.12.17"]
[Round "1"]
[White "Shirov, Alexei"]
[Black "Siwek, Mateusz"]
[Result "1-0"]
[WhiteElo "2705"]
[BlackElo "1827"]
[PlyCount "89"]
[EventDate "2011.12.17"]

1. d4 d5 2. c4 e6 3. Nc3 Nf6 4. cxd5 Nxd5 5. Nf3 Nc6 6. e4 Nxc3 7. bxc3 Bd7 8.
Bd3 Be7 9. Qe2 O-O 10. e5 f5 11. exf6 Bxf6 12. Qe4 g6 13. h4 e5 14. dxe5 Re8
15. Bf4 Bf5 16. Bc4+ Kh8 17. Qe3 Bg7 18. Ng5 Nxe5 19. Bxe5 Bxe5 20. Nf7+ Kg7
21. Nxe5 Qd6 22. f4 Rad8 23. O-O Qd2 24. Qxd2 Rxd2 25. Rfe1 Red8 26. g4 Bc2 27.
Nf3 R2d7 28. Nd4 Kh6 29. Nxc2 a6 30. Ne3 b5 31. g5+ Kg7 32. Be6 Rd3 33. f5 Rxc3
34. f6+ Kf8 35. Rad1 Re8 36. Ng4 c5 37. Rd7 Rg3+ 38. Kf2 Rc3 39. Rxh7 Rc2+ 40.
Kg3 Rc3+ 41. Kf4 Rxe6 42. Rxe6 Rc4+ 43. Ke5 Rxg4 44. Rh8+ Kf7 45. Re7# 1-0